000 00550cam a2200229 4500
001 B188
008 090401t1986 xxu||||| |||| 00| 0 eng d
035 _a(Sirsi) u34122
041 _aeng
050 _a333.336
110 _aDebenham Tewson and Chinnocks
_93135
245 _aIndustrial rents and rates 1973 - 1986
260 _aLondon
_bDTC
_c1986
300 _a27p. ; 30cm.
350 _a0
650 _aINDUSTRIAL PROPERTY
650 _aRATES AND RATING
650 _aRENT
650 _aWAREHOUSES
942 _n0
948 _c04/03/1997
999 _c89907
_d89907